<?xml version="1.0" encoding="UTF-8"?><marc:collection xmlns:marc="http://www.loc.gov/MARC21/slim">
  <marc:record>
    <marc:leader>00000nam##2200000za#4500</marc:leader>
    <marc:controlfield tag="001">9.640703</marc:controlfield>
    <marc:controlfield tag="003">CaOODSP</marc:controlfield>
    <marc:controlfield tag="005">20210624222814</marc:controlfield>
    <marc:controlfield tag="007">cr |||||||||||</marc:controlfield>
    <marc:controlfield tag="008">150407|1997||||xxc|||||o    f|0| 0 fre|d</marc:controlfield>
    <marc:datafield tag="040" ind1=" " ind2=" ">
      <marc:subfield code="a">CaOODSP</marc:subfield>
      <marc:subfield code="b">fre</marc:subfield>
    </marc:datafield>
    <marc:datafield tag="043" ind1=" " ind2=" ">
      <marc:subfield code="a">n-cn---</marc:subfield>
    </marc:datafield>
    <marc:datafield tag="086" ind1="1" ind2=" ">
      <marc:subfield code="a">H68-42/1997F-PDF</marc:subfield>
    </marc:datafield>
    <marc:datafield tag="110" ind1="1" ind2=" ">
      <marc:subfield code="a">Canada.</marc:subfield>
      <marc:subfield code="b">Conseil national du bien-être social.</marc:subfield>
    </marc:datafield>
    <marc:datafield tag="245" ind1="1" ind2="0">
      <marc:subfield code="a">Parents en santé, bébés en santé </marc:subfield>
      <marc:subfield code="h">[ressource électronique]</marc:subfield>
    </marc:datafield>
    <marc:datafield tag="260" ind1=" " ind2=" ">
      <marc:subfield code="a">Ottawa - Ontario : </marc:subfield>
      <marc:subfield code="b">Conseil national du bien-être social </marc:subfield>
      <marc:subfield code="c">Été 1997.</marc:subfield>
    </marc:datafield>
    <marc:datafield tag="300" ind1=" " ind2=" ">
      <marc:subfield code="a">54p.</marc:subfield>
      <marc:subfield code="b">références, tableaux</marc:subfield>
    </marc:datafield>
    <marc:datafield tag="500" ind1=" " ind2=" ">
      <marc:subfield code="a">«Ce premier rapport porte sur les questions avant et après la grossesse et au cours de la première année de vie. La première partie de l'étude est consacrée à la question de l'insuffisance pondérale à la naissance et aux nombreux problèmes qui y sont associés. La deuxième partie traite du sain développement de l'enfant et de questions connexes qui concernent les parents et les enfants. Le rapport met l'accent sur les «interventions» tentées, au Canada et à l'étranger, qui ont permis d'apporter des réponses aux problèmes les plus graves qui touchent les familles à ces stades de leur vie.»--Page 2.</marc:subfield>
    </marc:datafield>
    <marc:datafield tag="500" ind1=" " ind2=" ">
      <marc:subfield code="a">Le n° de catalogue (H68-42/1997F) et l'ISBN (0-662-82100-9) de l'édition imprimée ont été incorrectement copiés dans la publication électronique.</marc:subfield>
    </marc:datafield>
    <marc:datafield tag="520" ind1="3" ind2=" ">
      <marc:subfield code="a">Ce premier rapport porte sur les questions avant et après la grossesse et au cours de la première année de vie. La première partie de l'étude est consacrée à la question de l'insuffisance pondérale à la naissance et aux nombreux problèmes qui y sont associés. La deuxième partie traite du sain développement de l'enfant et de questions connexes qui concernent les parents et les enfants. Le rapport met l'accent sur les interventions tentées, au Canada et à l'étranger, qui ont permis d'apporter des réponses aux problèmes les plus graves qui touchent les familles à ces stades de leur vie.--Page 2</marc:subfield>
    </marc:datafield>
    <marc:datafield tag="590" ind1=" " ind2=" ">
      <marc:subfield code="a">12-36-Supp</marc:subfield>
      <marc:subfield code="b">2012-08-22</marc:subfield>
    </marc:datafield>
    <marc:datafield tag="691" ind1="0" ind2="7">
      <marc:subfield code="a">Soins périnataux</marc:subfield>
      <marc:subfield code="2">gcpds</marc:subfield>
    </marc:datafield>
    <marc:datafield tag="775" ind1="0" ind2="8">
      <marc:subfield code="t">Healthy parents, healthy babies </marc:subfield>
      <marc:subfield code="w">(CaOODSP)9.696593</marc:subfield>
    </marc:datafield>
    <marc:datafield tag="776" ind1="0" ind2="#">
      <marc:subfield code="t">Parents en santé, bébés en santé : </marc:subfield>
      <marc:subfield code="w">(CaOODSP)9.680134</marc:subfield>
    </marc:datafield>
    <marc:datafield tag="856" ind1="4" ind2="0">
      <marc:subfield code="a">http://publications.gc.ca</marc:subfield>
      <marc:subfield code="q">PDF</marc:subfield>
      <marc:subfield code="s">2.69 Mo</marc:subfield>
      <marc:subfield code="u">https://publications.gc.ca/collections/collection_2012/cnb-ncw/H68-42-1997-fra.pdf</marc:subfield>
    </marc:datafield>
  </marc:record>
</marc:collection>
